Možnosti eliminácie rizík a neistôt v účtovníctve podnikateľských subjektov v Slovenskej republike diplomová práca

Guardado en:
Detalles Bibliográficos
Autor principal: Morgensteinová, Darina
Autor Corporativo: Fakulta hospodárskej informatiky EU. Katedra účtovníctva a audítorstva
Otros Autores: Szász, Marek
Formato: Libro
Lenguaje:eslovaco
Publicado: Bratislava 2010
Etiquetas: Agregar Etiqueta
Sin Etiquetas, Sea el primero en etiquetar este registro!

MARC

LEADER 00000nam$a2200000$$$4500
001 0119607
005 20240318122757.7
041 0 |a slo 
044 |a SK 
245 1 0 |a Možnosti eliminácie rizík a neistôt v účtovníctve podnikateľských subjektov v Slovenskej republike  |b diplomová práca  |c Darina Morgensteinová ; škol. Marek Szász 
264 1 |a Bratislava  |c 2010 
300 |a 76 s. 
100 1 |a Morgensteinová, Darina 
700 1 |a Szász, Marek 
710 2 |a Fakulta hospodárskej informatiky EU. Katedra účtovníctva a audítorstva